Crankshaft design and manufacture /

Bibliographic Details
Main Author: Smith, John, 1914-
Format: Book
Language:English
Published: Westminster, London : Whitehall technical press ltd., 1946.
Subjects:

MARC

Tag First Indicator Second Indicator Subfields
LEADER 00000cam a2200000 4500
001 in00000041488
005 20151007074553.0
008 780425s1946 enka 00010 eng
010 |a  47006086  
035 |a (OCoLC)03828090 
035 |9 AAF1737AM 
040 |a DLC  |c TLM  |d TXA  |d UtOrBLW 
049 |a TXAM  |c [375065] 
050 0 |a TJ789  |b .S55 
082 0 |a 621.437 
092 |a 621.437  |b S652c 
100 1 |a Smith, John,  |d 1914- 
245 1 0 |a Crankshaft design and manufacture /  |c by J. Smith. 
264 1 |a Westminster,  |a London :  |b Whitehall technical press ltd.,  |c 1946. 
300 |a 64 pages including illustrations, tables, diagrams ;  |c 25 cm. 
336 |a text  |b txt  |2 rdacontent 
337 |a unmediated  |b n  |2 rdamedia 
338 |a volume  |b nc  |2 rdacarrier 
500 |a "First edition." 
500 |a "First appeared as a series of articles in Gas and oil power from January to December, 1943."--page [5]. 
650 0 |a Internal combustion engines. 
650 0 |a Cranks and crankshafts. 
650 0 |a Vibration. 
999 |a MARS 
999 f f |s c7fca774-95e7-32d4-b105-a686be208db5  |i 1b83c3ce-1ff8-3595-bca1-d4b8948d293d  |t 0 
952 f f |p ric  |a Texas A&M University  |b Rellis Campus  |c Joint Library Facility  |d Remote Storage  |t 0  |e TJ789 .S55  |h Library of Congress classification  |i unmediated -- volume  |m A14801040733 
998 f f |a TJ789 .S55  |t 0  |l Remote Storage